| 000 | 00724nam a2200265 a 4500 | ||
|---|---|---|---|
| 003 | AR-BaBNM | ||
| 005 | 20251128203228.0 | ||
| 008 | 082120s2002 ||||||||||||||000 | spa|| | ||
| 040 | _cAR-BaBNM | ||
| 245 | 0 | 0 |
_aLa nueva poesía argentina _bestudio y antología |
| 260 |
_aBuenos Aires _bColumba _c1969 |
||
| 300 |
_a280 p. _bil. |
||
| 490 | 0 |
_aNuevos Esquemas _vv. 21 |
|
| 500 | _aContiene referencias bibliográficas en p. 271 | ||
| 650 | 4 | _aLITERATURA ARGENTINA | |
| 650 | 4 | _aPOESIA | |
| 650 | 4 | _aANTOLOGIAS | |
| 650 | 4 | _aLITERATURA CONTEMPORANEA | |
| 650 | 4 | _aESCRITORES | |
| 650 | 4 | _aCRITICA LITERARIA | |
| 655 | _aLITERATURA | ||
| 700 | 1 |
_aSalvador, Nélida _ecompilador |
|
| 942 | _cBK | ||
| 998 | _cMARTIN | ||
| 999 |
_c2490 _d2490 |
||